Analysis and design of retaining structures against earthquakes : (Record no. 549907)
[ view plain ]
| 000 -LEADER | |
|---|---|
| fixed length control field | 00994cam a2200193 a 4500 |
| 020 ## - INTERNATIONAL STANDARD BOOK NUMBER | |
| International Standard Book Number | 078440206X |
| 082 00 - DEWEY DECIMAL CLASSIFICATION NUMBER | |
| Classification number | 624.164 |
| Author Mark | ANA |
| -- | L-39, P-185 |
| 245 00 - TITLE STATEMENT | |
| Title | Analysis and design of retaining structures against earthquakes : |
| Remainder of title | proceedings of sessions sponsored by the Soil Dynamics Committee of the Geo-Institute of the American Society of Civil Engineers in conjunction with the ASCE National Convention in Washington, D.C., November 10-14, 1996 / |
| Statement of responsibility, etc. | edited by Shamsher Prakash. |
| 260 ## - PUBLICATION, DISTRIBUTION, ETC. | |
| Place of publication, distribution, etc. | New York, N.Y. : |
| Name of publisher, distributor, etc. | American Society of Civil Engineers, |
| Date of publication, distribution, etc. | c1996. |
| 300 ## - PHYSICAL DESCRIPTION | |
| Extent | vii, 136 p. : |
| Other physical details | ill. ; |
| Dimensions | 22 cm. |
| 526 ## - STUDY PROGRAM INFORMATION NOTE | |
| Program name | 0 |
| Interest level | 0 |
| Reading level | 0 |
| Title point value | 624_164000000000000_ANA |
| 650 #0 - SUBJECT ADDED ENTRY--TOPICAL TERM | |
| Topical term or geographic name entry element | Earthquake resistant design |
| General subdivision | Congresses. |
| 9 (RLIN) | 46610 |
| 650 #0 - SUBJECT ADDED ENTRY--TOPICAL TERM | |
| Topical term or geographic name entry element | MCE |
| 9 (RLIN) | 379 |
| 650 #0 - SUBJECT ADDED ENTRY--TOPICAL TERM | |
| Topical term or geographic name entry element | Retaining walls |
| General subdivision | Design and construction |
| -- | Congresses. |
| 9 (RLIN) | 42604 |
| 650 #0 - SUBJECT ADDED ENTRY--TOPICAL TERM | |
| Topical term or geographic name entry element | Structural analysis (Engineering) |
| General subdivision | Congresses. |
| 9 (RLIN) | 45433 |
| 700 1# - ADDED ENTRY--PERSONAL NAME | |
| Personal name | Prakash, Shamsher. |
| 9 (RLIN) | 26807 |
| 710 2# - ADDED ENTRY--CORPORATE NAME | |
| Corporate name or jurisdiction name as entry element | American Society of Civil Engineers. |
| 9 (RLIN) | 702 |
| 942 ## - ADDED ENTRY ELEMENTS (KOHA) | |
| Source of classification or shelving scheme | |
| Koha item type | Book |
| Withdrawn status | Lost status | Source of classification or shelving scheme | Damaged status | Not for loan | Permanent Location | Current Location | Date acquired | Total Checkouts | Full call number | Barcode | Date last seen | Price effective from | Koha item type |
|---|---|---|---|---|---|---|---|---|---|---|---|---|---|
| Military College of Engineering (MCE) | Military College of Engineering (MCE) | 10/16/2014 | 624.164 ANA | MCE-43472 | 10/16/2014 | 03/14/2021 | Book |
